El Crucero de la Rosa de los Andes del itsmo de Panamá por los chilenos

Salvato in:
Dettagli Bibliografici
Autore principale: Vicuña Mackenna, Benjamín, 1831-1886 (Autore)
Natura: Libro
Lingua:spagnolo
Pubblicazione: Santiago Rafael Jover 1877
Edizione:1a. ed
Soggetti:
Tags: Aggiungi Tag
Nessun Tag, puoi essere il primo ad aggiungerne!!

MARC

LEADER 00000nam a2200000 a 4500
001 UCJ4495
003 CL-VaPUC
008 070124e18770000CL |||||||||||||||||spa|d
082 0 4 |a 983  |b VIC  |2 21 
100 |a Vicuña Mackenna, Benjamín,  |d 1831-1886  |x Político e historiador   |z Chile   |e author  |9 374 
245 1 3 |a El Crucero de la Rosa de los Andes del itsmo de Panamá por los chilenos 
246 1 0 |a Del origen del nombre de Chile 
246 1 3 |a Un duelo a muerte en Valparaíso: El Vizconde D'Espinville i M. de Saillard, 12 de junio de 1830 
250 |a 1a. ed 
300 |a 65 p 
942 |c BK 
945 |d 20070124 00:00:00  |a rinostro 
260 |a Santiago  |b Rafael Jover  |c 1877 
500 |a Tres monografías empastadas en un volumen rotulado Rosa de Los Andes 
600 0 7 |a ILLINWORTH, JOHN  |2 CL-VaPUC  |9 508271 
600 0 7 |a SAILLARD, M. DE  |2 CL-VaPUC  |9 508344 
600 0 7 |a D'ESPINVILLE, C. DE  |2 CL-VaPUC  |9 508345 
600 0 7 |a ROSA DE LOS ANDES  |2 CL-VaPUC  |9 508346 
650 0 |a Historia naval  |9 268284 
650 7 |a EPISODIOS NAVALES CHILENOS  |2 CL-VaPUC  |9 504600 
650 7 |a CORSARIOS CHILENOS  |2 CL-VaPUC  |9 504598 
650 7 |a TOPONIMIA  |2 CL-VaPUC  |9 508347 
650 7 |a LEYENDAS  |2 CL-VaPUC  |9 265258 
650 7 |a DELITOS Y PENAS  |2 CL-VaPUC  |9 399665 
650 7 |a DUELO  |2 CL-VaPUC  |9 383482 
650 0 |a Cultura  |9 269059 
583 |a last modification  |c 20070124 00:00:00  |k Rodrigo Vera 
999 |c 320611  |d 320609 
952 |0 0  |1 0  |4 0  |6 983_000000000000000_VIC_1877  |7 0  |8 X  |9 399161  |a FDOBUD  |b FDOBUD  |d 2019-11-22  |i 1020056  |o 983 VIC 1877  |p 1020056  |r 2019-11-22  |w 2019-11-22  |y BK_X  |k BUD